Statistics for Top 25 Biggest Cities in Finland

Click here to take the quiz!

General Stats

  • This quiz has been taken 6,089 times
  • The average score is 17 of 25

Answer Stats

HintPopulationAnswer% Correct
1604 380Helsinki
100%
5180 314Turku
96%
3217 497Tampere
95%
6146 527Oulu
94%
2256 896Espoo
92%
1660 888Rovaniemi
88%
4205 275Vantaa
87%
7133 448Jyväskylä
83%
1560 996Vaasa
79%
8103 065Lahti
78%
998 706Kuopio
77%
1183 303Pori
77%
1274 195Joensuu
70%
1372 445Lappeenranta
67%
1854 877Kotka
64%
1087 323Kouvola
64%
1467 531Hämeenlinna
60%
2148 970Mikkeli
58%
2049 026Porvoo
57%
1759 557Seinäjoki
57%
2246 779Kokkola
51%
1954 873Salo
43%
2345 619Hyvinkää
37%
2539 877Lohja
30%
2440 729Nurmijärvi
21%

Score Distribution

Percentile by Number Answered

Percent of People with Each Score

Your Score History

You have not taken this quiz